[Event " "]
[Site "Clichy II"]
[Date "1.??.??"]
[Round "11.2"]
[White "Froeyman, Helmut"]
[Black "Inkiov, Ventzislav"]
[Result "1-0"]
[WhiteElo "2252"]
[BlackElo "2509"]
[PlyCount "164"]
[EventDate "1.??.??"]
[WhiteTeam "Lille"]

1. e4 c5 2. Nf3 d6 3. d4 cxd4 4. Nxd4 Nf6 5. Nc3 Nc6 6. Bg5 e6 7. Qd2 Be7 8.
O-O-O O-O 9. f4 Nxd4 10. Qxd4 Qa5 11. Bc4 Bd7 12. e5 dxe5 13. fxe5 Bc6 14. Bd2
Nd7 15. Nd5 Qd8 16. Nxe7+ Qxe7 17. Rhe1 Nb6 18. Bf1 Rfc8 19. Qg4 Qc5 20. Qb4
Qxb4 21. Bxb4 Bd5 22. b3 a5 23. Bd2 Nd7 24. Kb2 Nc5 25. c4 Be4 26. Be3 Bg6 27.
Rd6 h6 28. g4 Na6 29. Bg2 Rc7 30. Bb6 Re7 31. Red1 Nb4 32. a3 Nc6 33. Bxc6 bxc6
34. Rxc6 Kh7 35. Rc5 a4 36. b4 Rb7 37. Rc6 Be4 38. Rcd6 Bf3 39. R1d4 Kg6 40.
Rf4 Be2 41. Be3 Rc8 42. Kc3 Rbc7 43. Bc5 Kg5 44. Rdd4 f6 45. exf6 gxf6 46. Rde4
Bd1 47. h4+ Kxh4 48. Rxf6 Rh7 49. Rf1 Bb3 50. Rxe6 Kg3 51. Rg1+ Kf4 52. Rf6+
Kg5 53. Rf5+ Kg6 54. Re1 Rd7 55. Re6+ Kg7 56. Rff6 Rd1 57. Rg6+ Kh7 58. Rxh6+
Kg7 59. Rhg6+ Kh7 60. Rgf6 Rc1+ 61. Kd2 Rxc4 62. Re7+ Kg8 63. Rg6+ Kh8 64. Ke3
Rc3+ 65. Kf4 Rc4+ 66. Kg3 Bc2 67. Rd6 Re4 68. Rxe4 Bxe4 69. Kf4 Bc6 70. Ke5 Kg7
71. Re6 Be8 72. Kd6 Kf7 73. Re7+ Kf6 74. Bd4+ Kg6 75. Ke5 Bc6 76. Be3 Bb5 77.
Re6+ Kf7 78. Bc5 Kg7 79. g5 Bc4 80. Rb6 Rd8 81. Bd4 Kf7 82. Ke4 Re8+ 1-0

[Event " "]
[Site "Clichy II"]
[Date "1.??.??"]
[Round "11.3"]
[White "Picard, Romain"]
[Black "Bouhallel, Rabah"]
[Result "0-1"]
[WhiteElo "2316"]
[BlackElo "2310"]
[PlyCount "84"]
[EventDate "1.??.??"]
[WhiteTeam "Migné-Auxances"]
[BlackTeam "Lille"]

1. e4 c5 2. Nf3 e6 3. d4 cxd4 4. Nxd4 a6 5. Be2 Nf6 6. Nc3 Qc7 7. O-O d6 8. a4
b6 9. f4 Bb7 10. Bf3 Nbd7 11. Kh1 Be7 12. Qe1 O-O 13. b3 Rac8 14. Bb2 Ne8 15.
Rd1 Bf6 16. Qg3 e5 17. Nde2 $11 exf4 18. Qxf4 Be5 19. Qh4 Nef6 20. Rd2 Rfe8 21.
Nd5 Bxd5 22. Bxe5 Rxe5 23. exd5 Rce8 24. h3 Qc5 25. Nd4 h6 26. c4 Qb4 27. Rdd1
Qc3 28. Rc1 Qd3 29. Rfd1 Qg6 30. b4 Ne4 31. Nc6 Rg5 32. Re1 Ndf6 33. Kh2 Kh8
34. Rc2 Ng3 35. Rxe8+ Nxe8 36. Rc1 Qd3 37. Qf4 Nf6 38. h4 Ngh5 39. Qxd6 Ng4+
40. Bxg4 Rxg4 41. Qb8+ Kh7 42. Qe5 Nf4 0-1

[Event " "]
[Site "Clichy II"]
[Date "1.??.??"]
[Round "11.4"]
[White "Cappon, John"]
[Black "Bedouin, Xavier"]
[Result "1/2-1/2"]
[WhiteElo "2221"]
[BlackElo "2328"]
[PlyCount "68"]
[EventDate "1.??.??"]
[WhiteTeam "Lille"]

1. e4 e5 2. Nf3 Nf6 3. Nxe5 d6 4. Nf3 Nxe4 5. Nc3 Nf6 6. d4 Be7 7. Bg5 Bf5 8.
Bd3 Qd7 9. Qd2 O-O 10. O-O-O Nc6 11. Bxf6 Bxf6 12. Nd5 Bd8 13. Qf4 Bxd3 14.
Rxd3 Ne7 15. Nxe7+ Bxe7 16. Re1 d5 17. Rde3 Bd6 18. Qg5 Qd8 19. Qxd8 Raxd8 20.
g3 c6 21. Kd2 f6 22. Kd3 Kf7 23. Nh4 $11 g6 24. f4 Rfe8 25. Rxe8 Rxe8 26. Rxe8
Kxe8 27. f5 Kf7 28. Ke3 Bf8 29. g4 Bh6+ 30. Kf3 Bg5 31. Ng2 gxf5 32. gxf5 Ke7
33. Nf4 Kd6 34. Ne6 Bc1 1/2-1/2

[Event " "]
[Site "Clichy II"]
[Date "1.??.??"]
[Round "11.5"]
[White "Pel, Bonno"]
[Black "Vallet, Marc"]
[Result "1/2-1/2"]
[WhiteElo "2255"]
[BlackElo "2200"]
[PlyCount "126"]
[EventDate "1.??.??"]
[WhiteTeam "Migné-Auxances"]
[BlackTeam "Lille"]

1. Nc3 c5 2. Nf3 Nc6 3. d4 cxd4 4. Nxd4 Nf6 5. e4 e5 6. Nf3 Bb4 7. Bc4 O-O 8.
Qd3 d6 9. O-O h6 10. Nd5 Nxd5 11. Bxd5 Bg4 12. c3 Bc5 13. b4 Bb6 14. a4 a6 15.
Nd2 Kh8 16. Nc4 Bc7 17. Be3 f5 18. f3 fxe4 19. fxe4 Qh4 20. Rxf8+ Rxf8 21. Rf1
Rxf1+ 22. Qxf1 Qe7 23. b5 Nd8 24. b6 Bb8 25. Bf2 Bd7 26. a5 Bb5 27. Qd1 Qg5 28.
h4 Qe7 29. Ne3 Bd7 30. Ba2 d5 31. Nxd5 Qa3 32. Nb4 Qa4 33. Qf3 Bd6 34. Bd5 Qxa5
35. g4 Bxb4 36. cxb4 Qxb4 37. Kg2 Qe7 38. g5 Ne6 39. Be3 Bc8 40. gxh6 g6 41. h5
gxh5 42. Qxh5 Qf6 43. Kg3 Kh7 44. Qf5+ Qg6+ 45. Kh4 a5 46. Qxe5 a4 47. Ba2 Bd7
48. Qd5 Nf8 49. Qf7+ Qxf7 50. Bxf7 Bc6 51. e5 Ng6+ 52. Kg5 Nxe5 53. Be6 Bd7 54.
Ba2 Bb5 55. Be6 Bd7 56. Bd5 Bc6 57. Ba2 Bb5 58. Bf4 Bc4 59. Bb1+ Bd3 60. Ba2
Bc4 61. Bb1+ Bd3 62. Ba2 Bc4 63. Bb1+ Nd3 1/2-1/2

[Event " "]
[Site "Clichy II"]
[Date "1.??.??"]
[Round "11.6"]
[White "Julve, Philippe"]
[Black "Fougerit, Valentin"]
[Result "1-0"]
[WhiteElo "2220"]
[BlackElo "2216"]
[PlyCount "63"]
[EventDate "1.??.??"]
[WhiteTeam "Lille"]

1. d4 Nf6 2. c4 e6 3. Nc3 Bb4 4. e3 b6 5. Nge2 Ba6 6. a3 Bxc3+ 7. Nxc3 d5 8.
Qf3 O-O 9. Be2 Nc6 10. b4 Bb7 11. Bb2 Re8 12. Qg3 a5 13. b5 Ne7 14. O-O Nf5 15.
Qh3 Ne4 16. Rfd1 Qf6 17. Nxe4 dxe4 18. Rd2 Qg5 19. Rc1 Rad8 20. Rdc2 Nh4 21.
Qg3 Qe7 22. c5 Rd5 23. cxb6 Rg5 24. Rxc7 Rxg3 25. hxg3 Qd8 26. Rxb7 Nf5 27.
Rbc7 Qb8 28. b7 Nd6 29. b6 Nxb7 30. Ba6 Nd6 31. R1c6 Qa8 32. b7 1-0

[Event " "]
[Site "Clichy II"]
[Date "1.??.??"]
[Round "11.7"]
[White "Picard, Clement"]
[Black "Levaux, Christian"]
[Result "1/2-1/2"]
[WhiteElo "2170"]
[BlackElo "2073"]
[PlyCount "129"]
[EventDate "1.??.??"]
[WhiteTeam "Migné-Auxances"]
[BlackTeam "Lille"]

1. e4 e6 2. d4 d5 3. Nd2 c5 4. exd5 Qxd5 5. Ngf3 cxd4 6. Bc4 Qd6 7. O-O Nf6 8.
Nb3 Nc6 9. Nbxd4 Nxd4 10. Nxd4 a6 11. Bb3 Bd7 12. c3 Bc6 13. Nxc6 Qxc6 14. Ba4
b5 15. Bc2 Be7 16. Qe2 O-O 17. a4 Rac8 18. axb5 axb5 19. Bd3 b4 20. cxb4 Bxb4
21. Bg5 Be7 22. Ra7 Qc5 23. Be3 Qb4 24. Bd2 Qd6 25. Bc3 Nd5 26. Be5 Qc5 27. Ra4
Bf6 28. Bg3 Ra8 29. Rxa8 Rxa8 30. b3 Qd4 31. Bc4 g6 32. h3 h5 33. Rd1 Ra1 34.
Rxa1 Qxa1+ 35. Qf1 Qd4 36. Qe2 Qa1+ 37. Kh2 Qd4 38. Bb8 Kg7 39. Kg1 Qa1+ 40.
Kh2 Qd4 41. Kh1 Qa1+ 42. Qf1 Qd4 43. Bh2 Nb6 44. Bg1 Nxc4 45. bxc4 Qa1 46. Qd3
Qc3 47. Qe4 Bd4 48. f4 Bxg1 49. Kxg1 Kf8 50. Kh2 h4 51. Kg1 Ke8 52. Kf2 Qb2+
53. Ke3 Qc3+ 54. Ke2 Kf8 55. Qd3 Qc1 56. Kf3 Qe1 57. Qe2 Qa5 58. Qe4 Qh5+ 59.
Ke3 Qc5+ 60. Kd3 Ke7 61. Kc3 Qa3+ 62. Kd4 Qd6+ 63. Ke3 Qa3+ 64. Qd3 Qc5+ 65.
Kf3 1/2-1/2

[Event " "]
[Site "Clichy II"]
[Date "1.??.??"]
[Round "11.8"]
[White "Swiercz, Sandra"]
[Black "Boulan, Laura"]
[Result "0-1"]
[WhiteElo "1940"]
[BlackElo "1919"]
[PlyCount "34"]
[EventDate "1.??.??"]
[WhiteTeam "Lille"]

1. e4 e5 2. Nf3 Nc6 3. Bc4 Be7 4. c3 Nf6 5. d3 O-O 6. O-O d6 7. Bg5 Bg4 8. h3
Bh5 9. Nbd2 a6 10. a3 Qd7 11. Qc1 h6 12. Bh4 Nd8 13. Ne1 Be2 14. Nc2 Bxf1 15.
Nxf1 Ne6 16. Nce3 Nf4 17. Nf5 Ne2+ 0-1

[Event " "]
[Site "Clichy II"]
[Date "1.??.??"]
[Round "11.2"]
[White "Aguettaz, Maxime"]
[Black "Dumitrache, Dragos-Nicolae"]
[Result "1/2-1/2"]
[WhiteElo "2329"]
[BlackElo "2474"]
[PlyCount "124"]
[EventDate "1.??.??"]
[WhiteTeam "Noyon"]

1. Nf3 Nf6 2. g3 d5 3. Bg2 Bf5 4. c4 c6 5. cxd5 cxd5 6. Qb3 Qb6 7. Qxb6 axb6 8.
d3 Nc6 9. Be3 e5 10. O-O d4 11. Bd2 Be7 12. Rc1 Nd7 13. Na3 O-O 14. Nh4 Bg4 15.
Bxc6 bxc6 16. f3 Be6 17. Rxc6 Bc5 18. f4 Nb8 19. Rxc5 bxc5 20. fxe5 Nd7 21. Nf3
Rfb8 22. Bc1 Bd5 23. Nc4 Bxc4 24. dxc4 Rb4 25. e6 fxe6 26. Nd2 e5 27. b3 e4 28.
Bb2 e3 29. Nf3 Rb6 30. Kf1 Rba6 31. a3 Rb8 32. b4 cxb4 33. axb4 Rxa1+ 34. Bxa1
Rxb4 35. Bxd4 Rxc4 36. Bxe3 Nf6 37. Bd4 Ne4 38. Be3 Nc3 39. Bd4 Nb5 40. Be5 h6
41. h4 h5 42. Bf4 Nc3 43. Kf2 Re4 44. e3 Ra4 45. Ne5 Ne4+ 46. Kf3 Nd2+ 47. Ke2
Nc4 48. Nxc4 Rxc4 49. Kf3 Kf7 50. g4 Kg6 51. gxh5+ Kxh5 52. Bg5 Rc1 53. Kf4
Rf1+ 54. Kg3 Kg6 55. Kg4 Rg1+ 56. Kf4 Ra1 57. Kg4 Ra4+ 58. Bf4 Kf6 59. Kf3 Kf5
60. Bg3 Ra1 61. Bf4 Rh1 62. Bg3 Ke6 1/2-1/2

[Event " "]
[Site "Clichy II"]
[Date "1.??.??"]
[Round "11.3"]
[White "Terrieux, Kevin"]
[Black "Hommeles, Theo"]
[Result "1-0"]
[WhiteElo "2328"]
[BlackElo "2386"]
[PlyCount "65"]
[EventDate "1.??.??"]
[WhiteTeam "Guingamp"]
[BlackTeam "Noyon"]

1. d4 d5 2. c4 c6 3. cxd5 cxd5 4. Nf3 Nc6 5. Nc3 Nf6 6. Bf4 Nh5 7. Bg5 h6 8.
Bh4 g5 9. Bg3 Nxg3 10. hxg3 Bg7 11. e3 a6 12. Bd3 Qd6 13. Rc1 Be6 14. Nd2 O-O
15. f4 Rfd8 16. Nb3 b6 17. Qf3 Ra7 18. f5 Bc8 19. O-O e5 20. f6 Nb4 21. Bb1 Bf8
22. dxe5 Qxe5 23. a3 Nc6 24. Qf2 d4 25. exd4 Nxd4 26. Rfe1 Nxb3 27. Rxe5 Nxc1
28. Qe3 Bc5 29. Rxc5 bxc5 30. Qxc1 Kf8 31. Qe3 Rc7 32. Qe4 Be6 33. Bc2 1-0

[Event " "]
[Site "Clichy II"]
[Date "1.??.??"]
[Round "11.4"]
[White "Van Mil, Johannes A. J"]
[Black "Alanic, Xavier"]
[Result "0-1"]
[WhiteElo "2366"]
[BlackElo "2249"]
[PlyCount "92"]
[EventDate "1.??.??"]
[WhiteTeam "Noyon"]

1. e4 c6 2. Nf3 d5 3. exd5 cxd5 4. Ne5 Nf6 5. d4 a6 6. Bd3 Nc6 7. c3 e6 8. O-O
Nxe5 9. dxe5 Nd7 10. Re1 Qc7 11. Bf4 Be7 12. Nd2 g5 13. Bg3 h5 14. h3 b5 15. a4
Nc5 16. Bc2 bxa4 17. c4 Bb7 18. cxd5 Bxd5 19. Ne4 Bxe4 20. Bxe4 Rd8 21. Qe2 Rd4
22. Rac1 Qd7 23. Bb1 h4 24. Bh2 Rg8 25. f3 Rd2 26. Qe3 Qd4 27. Qxd4 Rxd4 28.
Kf1 Rb4 29. Bg1 Rb5 30. Bh7 Rh8 31. Be4 Kf8 32. Bc6 Ra5 33. Rc4 Kg7 34. Rec1
Nd3 35. Bb6 Rb5 36. Bd4 Nxc1 37. Bxb5 axb5 38. Rxc1 Rd8 39. Be3 Rd5 40. Rc7 Bd8
41. Rb7 Kg6 42. Rb8 Rxe5 43. Bd4 Rd5 44. Bc3 Bf6 45. Bxf6 Kxf6 46. Rb7 Ke5 0-1

[Event " "]
[Site "Clichy II"]
[Date "1.??.??"]
[Round "11.5"]
[White "Bodenez, Vincent"]
[Black "Clery, Nicolas"]
[Result "0-1"]
[WhiteElo "2189"]
[BlackElo "2349"]
[PlyCount "78"]
[EventDate "1.??.??"]
[WhiteTeam "Guingamp"]
[BlackTeam "Noyon"]

1. e4 e6 2. Nf3 d5 3. exd5 exd5 4. d4 Bg4 5. h3 Bh5 6. Qe2+ Qe7 7. Be3 Nc6 8.
Nc3 O-O-O 9. g4 Bg6 10. O-O-O Qb4 11. a3 Qa5 12. Qb5 Qxb5 13. Bxb5 Nb8 14. Ne5
Bd6 15. Bf4 $11 Ne7 16. Rde1 Nbc6 17. Bxc6 Nxc6 18. Nb5 Bxe5 19. Bxe5 a6 20.
Bxg7 Rhg8 21. Bf6 axb5 22. Bxd8 Rxd8 23. c3 Kd7 24. f3 Na5 25. h4 b4 26. h5
Nb3+ 27. Kd1 Bd3 28. Re3 bxa3 29. bxa3 Bc4 30. Kc2 Ra8 31. Kb2 Na5 32. Re5 Ra6
33. Rhe1 Rb6+ 34. Kc2 Rb3 35. Ra1 c5 36. dxc5 Nc6 37. Ree1 d4 38. Rab1 Rxc3+
39. Kd2 Ba6 0-1

[Event " "]
[Site "Clichy II"]
[Date "1.??.??"]
[Round "11.6"]
[White "Nguyen, Chi-Minh"]
[Black "Alanic, Mickael"]
[Result "1-0"]
[WhiteElo "2345"]
[BlackElo "2208"]
[PlyCount "69"]
[EventDate "1.??.??"]
[WhiteTeam "Noyon"]

1. d4 Nf6 2. c4 g6 3. Nc3 Bg7 4. e4 d6 5. f4 O-O 6. Nf3 Na6 7. Be2 e5 8. fxe5
dxe5 9. Nxe5 c5 10. Be3 Qa5 11. O-O Re8 12. Nxf7 Nxe4 13. Nxe4 Rxe4 14. Nh6+
Kh8 15. Nf7+ Kg8 16. Nh6+ Kh8 17. Bd2 Qc7 18. d5 Bd4+ 19. Kh1 Bf5 20. d6 Qd7
21. Bf3 Re6 22. Bd5 Rf6 23. Bg5 Raf8 24. Bxf6+ Rxf6 25. Qe2 Qxd6 26. Rae1 Nc7
27. Nf7+ Rxf7 28. Bxf7 Bf6 29. Qf3 Kg7 30. Bd5 b5 31. Be4 Ne6 32. Bxf5 gxf5 33.
Qxf5 Nd4 34. Qg4+ Kf7 35. cxb5 1-0

[Event " "]
[Site "Clichy II"]
[Date "1.??.??"]
[Round "11.7"]
[White "Gicquel, Frederic"]
[Black "Housieaux, David"]
[Result "0-1"]
[WhiteElo "2226"]
[BlackElo "2336"]
[PlyCount "84"]
[EventDate "1.??.??"]
[WhiteTeam "Guingamp"]
[BlackTeam "Noyon"]

1. e4 g6 2. d4 Bg7 3. c4 d6 4. Nc3 Nf6 5. g3 O-O 6. Bg2 e5 7. d5 c6 8. Nge2 a6
9. O-O cxd5 10. Nxd5 Nxd5 11. Qxd5 Nc6 12. b3 Bg4 13. f3 Be6 14. Qd2 b5 15.
cxb5 axb5 16. Bb2 d5 17. exd5 Bxd5 18. Nc3 Nd4 19. Nxd5 Qxd5 20. Bxd4 Qxd4+ 21.
Qxd4 exd4 22. a4 d3 23. Ra2 Bd4+ 24. Kh1 Bc3 25. f4 Ra6 26. Rd1 Rd8 27. Bf3 Rd7
28. Rf2 bxa4 29. bxa4 Rd4 30. Rc1 Ba5 31. Bd1 Rb6 32. Rf1 d2 33. Rc5 Bb4 34.
Rb5 Re6 35. Kg2 Re3 36. Kf2 Rc3 37. Ke2 f5 38. Rb7 Re4+ 39. Kf2 Bc5+ 40. Kg2
Re1 41. a5 Rc1 42. Bb3+ Kf8 0-1

[Event " "]
[Site "Clichy II"]
[Date "1.??.??"]
[Round "11.8"]
[White "Assad, Karine"]
[Black "Le Diouron, Aurelie"]
[Result "0-1"]
[WhiteElo "2059"]
[BlackElo "2005"]
[PlyCount "102"]
[EventDate "1.??.??"]
[WhiteTeam "Noyon"]

1. d4 f5 2. g3 Nf6 3. Bg2 g6 4. c4 Bg7 5. Nc3 d6 6. Nf3 O-O 7. O-O Qe8 8. d5 e5
9. dxe6 Qxe6 10. Nd5 Nxd5 11. cxd5 Qe8 12. Nd4 Na6 13. Be3 Nc5 14. Rc1 a5 15.
b3 Kh8 16. a3 Bd7 17. Nf3 Na6 18. Bd4 Qe7 19. Qd2 Nc5 20. Qb2 Rac8 21. Bxg7+
Qxg7 22. Qxg7+ Kxg7 23. Nd4 Ne4 24. f3 Nf6 25. e4 fxe4 26. fxe4 c5 27. dxc6
bxc6 28. e5 dxe5 29. Nxc6 Bxc6 30. Rxc6 Rxc6 31. Bxc6 Rc8 32. Bb5 Rc3 33. Ba4
e4 34. Re1 e3 35. Re2 Ne4 36. Kg2 Nd2 37. Bb5 Rxb3 38. a4 Kf6 39. g4 Ke5 40.
Kg3 Kd4 41. Kf4 Nb1 42. h4 Nc3 43. Re1 Nxb5 44. axb5 Kc5 45. Kg5 Kxb5 46. Kh6
a4 47. Kxh7 a3 48. h5 gxh5 49. g5 a2 50. Ra1 e2 51. g6 Rg3 0-1

[Event " "]
[Site "Clichy II"]
[Date "1.??.??"]
[Round "11.1"]
[White "Grigorov, Grigor"]
[Black "Rainfray, Arnaud"]
[Result "1/2-1/2"]
[WhiteElo "2431"]
[BlackElo "2391"]
[PlyCount "71"]
[EventDate "1.??.??"]
[WhiteTeam "C.E. Nantes"]
[BlackTeam "Clichy II"]

1. d4 d5 2. Nf3 Nf6 3. c4 e6 4. Nc3 Bb4 5. cxd5 exd5 6. Bg5 h6 7. Bh4 g5 8. Bg3
Ne4 9. Nd2 Nxc3 10. bxc3 Bxc3 11. Rc1 Ba5 12. e3 Bf5 13. Qb3 c6 14. Qxb7 Qb6
15. Qxb6 axb6 16. Bxb8 Rxb8 17. Rxc6 O-O 18. Kd1 Bxd2 19. Kxd2 Ra8 20. Bd3 Bxd3
21. Kxd3 Rxa2 22. Rc2 Rfa8 23. Rhc1 Kf8 24. f3 R8a3+ 25. Ke2 Ke7 26. e4 f6 27.
Rd2 Rxd2+ 28. Kxd2 Kd6 29. Rb1 Ra2+ 30. Ke3 dxe4 31. Rxb6+ Ke7 32. Kxe4 Rxg2
33. Kf5 Rxh2 34. Re6+ Kd7 35. Rxf6 Rh1 36. d5 1/2-1/2

[Event " "]
[Site "Clichy II"]
[Date "1.??.??"]
[Round "11.2"]
[White "Silva, Sebastain"]
[Black "Petkov, Vladimir"]
[Result "0-1"]
[WhiteElo "2369"]
[BlackElo "2456"]
[PlyCount "84"]
[EventDate "1.??.??"]
[WhiteTeam "Clichy II"]

1. d4 Nf6 2. c4 e6 3. Nf3 Bb4+ 4. Nbd2 O-O 5. a3 Bxd2+ 6. Bxd2 d6 7. Bg5 Nbd7
8. Qc2 c5 9. dxc5 Nxc5 10. e3 Bd7 11. Nd2 Ba4 12. Qc3 Rc8 13. b4 Ncd7 14. Qd4
Qb6 15. Qxb6 axb6 16. Be2 h6 17. Bh4 Ne5 18. Bxf6 gxf6 19. f4 Nd7 20. Ne4 Rc6
21. O-O f5 22. Nd2 Nf6 23. Ra2 Ra8 24. Rb2 Rc7 25. b5 d5 26. cxd5 Nxd5 27. Kf2
Rac8 28. Bd3 Rc3 29. Ke2 Nxe3 30. Rf3 Nd5 31. g3 R8c5 32. Nb1 Rc1 33. Rf1 Nc3+
34. Nxc3 R1xc3 35. Rb4 Rxa3 36. Rb2 Bb3 37. Rd2 Bd5 38. Rb1 Bb3 39. Rbb2 Bd5
40. Rdc2 Kf8 41. Rxc5 bxc5 42. b6 Ke7 0-1

[Event " "]
[Site "Clichy II"]
[Date "1.??.??"]
[Round "11.3"]
[White "Gerard, Nicolas"]
[Black "Mullon, Jean-Baptiste"]
[Result "1/2-1/2"]
[WhiteElo "2288"]
[BlackElo "2335"]
[PlyCount "50"]
[EventDate "1.??.??"]
[WhiteTeam "C.E. Nantes"]
[BlackTeam "Clichy II"]

1. d4 d5 2. c4 c6 3. Nf3 Nf6 4. e3 a6 5. Qc2 Bg4 6. Nbd2 e6 7. b3 Nbd7 8. Bd3
c5 9. Ne5 cxd4 10. exd4 Nxe5 11. dxe5 Nd7 12. Bb2 Nc5 13. O-O Nxd3 14. Qxd3
dxc4 15. Qxd8+ Rxd8 16. Nxc4 Be7 17. Nd6+ $11 Bxd6 18. exd6 Rxd6 19. f3 Bf5 20.
Bxg7 Rg8 21. Be5 Rd2 22. Rf2 Rd5 23. Rc1 Kd8 24. Bf4 e5 25. Rd2 Rxd2 1/2-1/2

[Event " "]
[Site "Clichy II"]
[Date "1.??.??"]
[Round "11.4"]
[White "Delorme, Axel"]
[Black "Delaunay, Sebastien"]
[Result "1/2-1/2"]
[WhiteElo "2305"]
[BlackElo "2346"]
[PlyCount "30"]
[EventDate "1.??.??"]
[WhiteTeam "Clichy II"]

1. e4 c6 2. d4 d5 3. Nc3 dxe4 4. Nxe4 Bf5 5. Ng3 Bg6 6. Bc4 e6 7. h4 h6 8. N1e2
Nf6 9. Nf4 Bh7 10. Ngh5 Nbd7 11. c3 Nb6 12. Bb3 Nbd5 13. Qf3 Nxf4 14. Bxf4 Nxh5
15. Qxh5 Qf6 1/2-1/2

[Event " "]
[Site "Clichy II"]
[Date "1.??.??"]
[Round "11.5"]
[White "Rihouay, Clement"]
[Black "Coste, Thierry"]
[Result "0-1"]
[WhiteElo "2170"]
[BlackElo "2206"]
[PlyCount "62"]
[EventDate "1.??.??"]
[WhiteTeam "C.E. Nantes"]
[BlackTeam "Clichy II"]

1. e4 c5 2. Nf3 Nc6 3. d4 cxd4 4. Nxd4 g6 5. c4 Nf6 6. Nc3 d6 7. Be2 Bg7 8. Be3
O-O 9. Qd2 Bd7 10. f3 a5 11. O-O Nxd4 12. Bxd4 Bc6 13. b3 Nd7 14. Be3 Nc5 15.
Rab1 Qb6 16. Rfc1 Rfc8 17. Rc2 Qd8 18. a3 Qf8 19. Bf1 Be5 20. Qf2 f5 21. Nd5
$11 fxe4 22. Nb6 exf3 23. Nxa8 Rxa8 24. gxf3 Qf5 25. b4 axb4 26. axb4 Ne6 27.
Bg2 Ra3 28. Re1 Rxe3 29. Rxe3 Bd4 30. Kh1 Nf4 31. Rc1 Nxg2 0-1

[Event " "]
[Site "Clichy II"]
[Date "1.??.??"]
[Round "11.6"]
[White "Daurelle, Herve"]
[Black "Grill, Marc"]
[Result "1/2-1/2"]
[WhiteElo "2209"]
[BlackElo "2147"]
[PlyCount "34"]
[EventDate "1.??.??"]
[WhiteTeam "Clichy II"]

1. e4 c5 2. Nf3 g6 3. d4 cxd4 4. Nxd4 Nc6 5. Nc3 Bg7 6. Be3 Nf6 7. Bc4 O-O 8.
Bb3 a5 9. O-O d6 10. f3 Nxd4 11. Bxd4 Bd7 12. a4 Bc6 13. Qd2 Nd7 14. Be3 Nc5
15. Bc4 Qb6 16. Bb5 Rfc8 17. Nd5 Qd8 1/2-1/2

[Event " "]
[Site "Clichy II"]
[Date "1.??.??"]
[Round "11.7"]
[White "Rabhi, Chamss-Eddine"]
[Black "Keller, Christophe"]
[Result "0-1"]
[WhiteElo "2071"]
[BlackElo "2219"]
[PlyCount "86"]
[EventDate "1.??.??"]
[WhiteTeam "C.E. Nantes"]
[BlackTeam "Clichy II"]

1. d4 e6 2. c4 b6 3. Nf3 Nf6 4. Nc3 Bb4 5. Bd2 Bb7 6. e3 Bxc3 7. Bxc3 Ne4 8.
Bd3 Nxc3 9. bxc3 f5 10. O-O O-O 11. a4 Nc6 12. c5 Na5 13. Rb1 Qe7 14. Ne5 d6
15. c6 Nxc6 16. Nxc6 Bxc6 17. c4 Qg5 18. d5 exd5 19. Qf3 Qg4 20. Be2 Qe4 21.
Rbc1 Bxa4 22. cxd5 Qxf3 23. gxf3 Rf7 24. Rc3 a5 25. Rfc1 Ra7 26. e4 Re7 27. Bd3
f4 28. Bf1 Be8 29. Bh3 b5 30. Be6+ Bf7 31. Bxf7+ Kxf7 32. Rb3 b4 33. Ra1 Kf6
34. Kf1 c5 35. dxc6 Rec7 36. Ke2 Rxc6 37. Rxb4 axb4 38. Rxa7 b3 39. Rb7 Rc2+
40. Kf1 b2 41. Kg2 Ke5 42. Rb4 g5 43. h4 gxh4 0-1

[Event " "]
[Site "Clichy II"]
[Date "1.??.??"]
[Round "11.8"]
[White "Marchadour, Emilie"]
[Black "Marchadour, Claire"]
[Result "1-0"]
[WhiteElo "2126"]
[BlackElo "2046"]
[PlyCount "71"]
[EventDate "1.??.??"]
[WhiteTeam "Clichy II"]

1. e4 c5 2. Nf3 Nc6 3. d4 cxd4 4. Nxd4 d5 5. Bb5 dxe4 6. Nxc6 Qxd1+ 7. Kxd1 a6
8. Nd4+ axb5 9. Nxb5 Kd8 10. Ke2 Bd7 11. N1c3 Ra6 12. Rd1 Kc8 13. Be3 f5 14.
Na7+ Kd8 15. Nd5 Rd6 16. Bc5 Rh6 17. Nb6 Nf6 18. Bd4 Kc7 19. Nc4 b5 20. Be5+
Kb7 21. Bxf6 Be6 22. Na5+ Kxa7 23. Bd4+ Ka6 24. b4 Rxh2 25. Bc5 g6 26. Rd8 Bg7
27. Rad1 Rxd8 28. Rxd8 Bc4+ 29. Ke3 Bh6+ 30. f4 exf3+ 31. Kxf3 Bd5+ 32. Rxd5
Rh4 33. Rd8 Rf4+ 34. Ke2 Re4+ 35. Kd1 Rd4+ 36. Bxd4 1-0

[Event "ch N1B"]
[Site "Besancon"]
[Date "10.12.06"]
[Round "4.8"]
[White "Hisleur, Gaelle"]
[Black "Soubrier, Aude"]
[Result "0-1"]
[WhiteElo "1938"]
[BlackElo "1953"]
[PlyCount "76"]
[EventDate "10.12.06"]
[WhiteTeam "Besançon T.P.G."]
[BlackTeam "Lyon Olympique Echecs"]

1. e4 e5 2. Nf3 Nc6 3. d4 exd4 4. Nxd4 Nf6 5. Nxc6 bxc6 6. Bd3 d5 7. Qe2 Be7 8.
e5 Nd7 9. O-O Nc5 10. c4 Nxd3 11. Qxd3 O-O 12. f4 f6 13. Nc3 Ba6 14. b3 Bc5+
15. Kh1 dxc4 16. Qf3 fxe5 17. Qxc6 Qd6 18. Qe4 Rad8 19. bxc4 Bd4 20. Bb2 Qb4
21. Qc2 Bxc4 22. Rf3 exf4 23. Rh3 g6 24. Rh6 Bg7 25. Rh3 Be6 26. Rf3 Bg4 27.
Rf2 Bd4 28. a3 Qe7 29. Rff1 f3 30. Rae1 fxüÄ31. Qxg2 Qxe1 32. Rxe1 Bf3 33.
Ba1 Bxg2+ 34. Kxg2 Rf2+ 35. Kg3 Rdf8 36. Nd5 R8f3+ 37. Kg4 Bxa1 38. Rxa1 h5+
0-1